000 01119nmc a2200409 a 4500
003 AR-BaBNM
005 20251128205556.0
008 138019s1994 ||||||||||||||000 | spa||
020 _a84-7738-227-1
040 _cAR-BaBNM
100 1 _aRoldán Hervás, José Manuel
245 1 0 _aEl imperialismo romano
_bRoma y la conquista del mundo mediterráneo [264-133 A.C.]
260 _aMadrid
_bSíntesis
_c1994
300 _a240 p.
_bmapas
490 0 _aHistoria universal: antigua
_vv. 11
500 _aApéndice para consultar p. 219-232
504 _aBibliografía p. 233-240
600 0 4 _aPolibio
600 0 4 _aAníbal
600 0 4 _aEscipión
600 1 4 _aCatón, Marco Porcio
600 0 4 _aGraco
650 4 _aDERECHO
650 4 _aECONOMIA
650 4 _aSOCIEDAD
650 4 _aGUERRA
650 4 _aEXPANSION
650 4 _aEJERCITOS
650 4 _aCIVILIZACIONES ANTIGUAS
651 4 _aRoma
653 _aIMPERIO ROMANO
653 _aFORMAS DE GOBIERNO
800 1 _aPlácido, Domingo
_edirector
800 1 _aAlvar Ezquerra, Jaime
_ecoordinador
942 _cBK
998 _cMariana
999 _c11965
_d11965